000 02558nam a2200241 4500
005 20251212125046.0
008 190415s2025 000 0 eng d
040 _aCO-CtgCURN
_bspa
_ccoctgcurn
082 0 _aINQ 2025
_bV722
100 1 _aVillarreal Rizcala, Alena del Carmen.
245 1 0 _aFactores de riesgo asociados a la adherencia al tratamiento de tuberculosis en pacientes del hospital local de Arjona Bolivar en los años 2023-2024 /
_cAlena del Carmen Villarreal Rizcala; Nathiuska Alejandra Reales Mercado; asesores: Alberto Cuello; Jaime Alberto Lorduy Gómez.
260 _aCartagena de Indias :
_bCorporación Universitaria Rafael Nuñez,
_c2025.
300 _a89 hojas.
504 _aTrabajo de grado (Instrumentación quirúrgica). Corporación Universitaria Rafael Nuñez. Facultad de Ciencias de la Salud. Instrumentación Quirúrgica, 2025.
520 _a"La tuberculosis (TB) continúa siendo una de las enfermedades infecciosas más relevantes en salud pública, especialmente en contextos de vulnerabilidad social. El presente estudio tuvo como propósito identificar los factores de riesgo asociados a la adherencia al tratamiento antituberculoso en pacientes atendidos en el Hospital Local de Arjona, Bolívar, durante los años 2023 y 2024. Se empleó un enfoque cuantitativo, descriptivo y transversal, con una muestra intencional de 51 pacientes, todos pertenecientes al estrato socioeconómico 1. Los resultados evidenciaron que el 86,3% de los pacientes mantuvieron la adherencia al tratamiento, mientras que el 13,7% lo abandonaron. Los casos de abandono se concentraron en adultos jóvenes entre 17 y 34 años, con niveles educativos bajos, afiliados al régimen subsidiado o sin aseguramiento, y residentes predominantemente en zonas urbanas como Cartagena. Entre las causas más frecuentes del abandono se identificaron el traslado de residencia sin continuidad en el sistema de salud, la falta de respuesta a los llamados institucionales y las limitaciones económicas para transporte y alimentación. "
650 0 _aInstrumentación quirúrgica
_vTesis y disertaciones academicas.
700 1 _aReales Mercado, Nathiuska Alejandra.
700 1 _aLorduy Gómez, Jaime Alberto,
_eAsesor.
700 1 _aCuello, Alberto,
_eAsesor.
856 _uhttps://unicurn.sharepoint.com/:b:/s/biblioteca/IQBHhabnI-aGR43zLNukYy03AWXGh60iplkUMy3CIV6hxdo?e=nK77QS
_zClick aqui para ver el recurso en texto completo
942 _2ddc
_cTG
_hINQ 2025
_iV722
999 _c50253
_d50253